Business Communication 1sem (Record no. 4842)
[ view plain ]
| 000 -LEADER | |
|---|---|
| fixed length control field | 00342nam a2200145Ia 4500 |
| 008 - FIXED-LENGTH DATA ELEMENTS--GENERAL INFORMATION | |
| fixed length control field | 191201s2011 xx 000 0 und d |
| 082 ## - DEWEY DECIMAL CLASSIFICATION NUMBER | |
| Classification number | 658.45 |
| Item number | KUB |
| 100 ## - MAIN ENTRY--PERSONAL NAME | |
| Personal name | KUSHAL,srijin |
| 245 #0 - TITLE STATEMENT | |
| Title | Business Communication 1sem |
| 250 ## - EDITION STATEMENT | |
| Edition statement | 1st |
| 260 ## - PUBLICATION, DISTRIBUTION, ETC. (IMPRINT) | |
| Place of publication, distribution, etc | N.Delhi |
| Name of publisher, distributor, etc | V K Enterprises |
| Date of publication, distribution, etc | 2011 |
| 300 ## - PHYSICAL DESCRIPTION | |
| Extent | 248 |
| 650 ## - SUBJECT ADDED ENTRY--TOPICAL TERM | |
| Topical term or geographic name as entry element | BBA |
| 942 ## - ADDED ENTRY ELEMENTS (KOHA) | |
| Source of classification or shelving scheme | Dewey Decimal Classification |
| Koha item type | Text Books |
| 942 ## - ADDED ENTRY ELEMENTS (KOHA) | |
| -- | 4 |
| Withdrawn status | Lost status | Source of classification or shelving scheme | Damaged status | Not for loan | Collection code | Home library | Current library | Date acquired | Source of acquisition | Cost, normal purchase price | Bill Number | Total Checkouts | Full call number | Acc. no. / Barcode | Date last seen | Date last borrowed | Bill Date | Koha item type | Public note |
|---|---|---|---|---|---|---|---|---|---|---|---|---|---|---|---|---|---|---|---|
| Dewey Decimal Classification | BBA | PIET C-LIBRARY | PIET C-LIBRARY | 29/07/2011 | The book company | 175.00 | IN-858 | 1 | 658.45 KUB | 17487 | 04/11/2022 | 04/11/2022 | 27/07/2011 | Text Books | |||||
| Dewey Decimal Classification | BBA | PIET C-LIBRARY | PIET C-LIBRARY | 29/07/2011 | The book company | 175.00 | IN-858 | 1 | 658.45 KUB | 17488 | 22/12/2025 | 21/11/2025 | 27/07/2011 | Text Books | |||||
| Dewey Decimal Classification | BBA | PIET C-LIBRARY | PIET C-LIBRARY | 29/07/2011 | The book company | 175.00 | IN-858 | 1 | 658.45 KUB | 17489 | 07/12/2020 | 05/03/2020 | 27/07/2011 | Text Books | |||||
| Dewey Decimal Classification | BBA | PIET C-LIBRARY | PIET C-LIBRARY | 29/07/2011 | The book company | 175.00 | IN-858 | 2 | 658.45 KUB | 17490 | 24/02/2021 | 11/02/2021 | 27/07/2011 | Text Books | |||||
| Dewey Decimal Classification | BBA | PIET C-LIBRARY | PIET C-LIBRARY | 29/07/2011 | The book company | 175.00 | IN-858 | 658.45 KUB | 17491 | 04/07/2025 | 27/07/2011 | Text Books | Price Paid |